Portage nasal staphylococcique et infection des systémes d'eccés veineux central cancérologie

Bibliographic Details
Main Authors: Ranchére, J. Y. (Author), Gordiani, B. (Author)
Other Authors: Kolkus, Milan, 1941- (Translator)
Format: Article
Language:Slovak
ISSN:1335-5139
Subjects:

MARC

LEADER 00000nab a2200000 a 4500
001 vtls000776597
003 SK-MaSNL
005 20260304111235.0
008 250429c2001 xo 0 slo
015 |a SNBRB2002/01-00119 
035 |a CLN000128383 
035 |a urn:nbn:sk:snk-abmzh 
035 |a (urnnbn)urn:nbn:sk:snk:ar-a04vh9 
035 |a (uuid)ec5842b6-b5b4-4c57-9adb-ed63ca356194 
040 |a SNKBUCL  |b slo  |c SNKBUCL  |e AACR2 
041 0 |a slo 
044 |a xo  |c SK 
080 |a 616-022.369:616.14-089.819.1  |2 1997 
080 |a 616.14-089.819.1  |2 1997 
100 1 |a Ranchére, J. Y.  |4 aut  |9 1411134 
245 1 0 |a Portage nasal staphylococcique et infection des systémes d'eccés veineux central cancérologie  |c J.Y. Ranchére, B. Gordiani, Milan Kolkus 
246 1 1 |a Nazálne stafylokokové osídlenie a systémová infekcia v kancerológii s centrálnym venóznym prístupom 
500 |a Abstrakt z časopisu Ann. Fr. Anesth. Réanim. 19, 2000, č. 2, s. 93-95 
650 0 7 |a cavum nasi  |2 snkbucl  |9 1411135 
650 0 7 |a infekcie stafylokokové  |2 snkbucl  |9 1077471 
650 0 7 |a centrálna žilová katetrizácia  |2 snkbucl  |9 19585 
655 7 |a články z novín a časopisov  |2 snkbucl  |9 267496 
700 1 |a Kolkus, Milan,  |d 1941-  |4 trl  |9 8753 
700 1 |a Gordiani, B.  |4 aut  |9 1411136 
773 0 |t Medicina militaris slovaca  |g Roč. 3, č. 2 (2001), s. 46  |x 1335-5139 
850 |a Slovenská národná knižnica 
852 |a Slovenská národná knižnica 
954 |a odborná, vedecká literatúra pôvodná (slovenská)  |2 lita 
958 |a article27 
958 |a MI 
958 |a OND 
958 |a EUIPO 
999 |c 2862008  |d 2863938